Odesszai párt- és tanácsi küldöttség érkezett Szegedre

Elmentve itt :
Bibliográfiai részletek
Dokumentumtípus: Cikk
Megjelent: 1965-06-23
Sorozat:Délmagyarország 55 No. 146
Kulcsszavak:Politikusi látogatás Szeged 1965, Odessza
Online Access:http://dmarchiv.bibl.u-szeged.hu/70825
LEADER 00460nab a2200145 i 4500
001 delm70825
005 20180928082415.0
008 180928s1965 hu o 0|| hun d
040 |a SZTE Délmagyarország Archívum  |b hun 
041 |a hun 
245 0 0 |a Odesszai párt- és tanácsi küldöttség érkezett Szegedre  |h [elektronikus dokumentum] 
260 |c 1965-06-23 
300 |a 1 
490 0 |a Délmagyarország  |v 55 No. 146 
695 |a Politikusi látogatás Szeged 1965, Odessza